LEADER 01060nam a2200265 i 4500 001 000000210829 003 CaOOAMICUS 005 20250826135050.0 008 120213s1891 it u000 u mul u 013 $a189642 040 $aSeMil$bita 100 0 $aPlato,$d<427-347 a.C.>.$0(OLS)http://semarc/name/5353 245 13$aIl Protagora /$cPlatone ; dichiarata da Eugenio Ferrai. 260 $aTorino :$bErmanno Loescher,$c1891$f(Tip. Vincenzo Bona) 300 $aLXVIII, 164 p. ;$c21 cm. 490 0 $aCollezione di classici greci e latini con note italiane 700 1 $aFerrai, Eugenio.$0(OLS)http://semarc/name/11761 830 0$aCollezione di classici greci e latini con note italiane.$0(OLS)http://semarc/title/8529 850 $aSeMil 852 $aSeMil$W1$xVenegono$y1$m1X II 24 FA$j161276$B161276$CSeMilBibl$Z2$F172431 $8I 900 0 $aPlatone. 996 $6245$aIl Protagora$9(OLS)http://semarc/title/304642 996 $6260$aTorino :$bErmanno Loescher$9(OLS)http://semarc/publisher/35091 LEADER 01614nam a2200289 i 4500 001 000000074996 003 CaOOAMICUS 005 20250113153432.0 008 000926s2000 it a u000 u mul u 040 $aSeMil$bita 245 00$aLettere di dom Jean Leclercq (1911-1993) /$ca cura di Valerio Cattana, Claudia Galli, Henri Rochais. 264 1$aBadia di Santa Maria del Monte (Cesena) :$bCentro Storico Benedettino Italiano,$c2000. 300 $aLII, 1731 p., [36] p. di tav. :$bill. ;$c25 cm. 490 1 $aItalia benedettina : studi e documenti di storia monastica ;$v20. 650 4$aLeclercq, Jean - Lettere e carteggi.$0(OLS)http://semarc/subject/15310 700 1 $aCattana, Valerio Maria,$c.$0(OLS)http://semarc/name/90457 700 1 $aGalli, Claudia.$0(OLS)http://semarc/name/37086 700 1 $aLeclercq, Jean,$c.$0(OLS)http://semarc/name/89154 700 1 $aRochais, Henri,$c.$0(OLS)http://semarc/name/89155 710 0 $aCentro storico benedettino italiano.$0(OLS)http://semarc/name/71 830 0$aItalia benedettina :$bstudi e documenti di storia monastica ;$v20.$0(OLS)http://semarc/title/104 850 $aSeMil 852 $aSeMil$W1$xVenegono$y1$m3TA F 20$j253779$B41148$CSeMilBibl$Z2$F41152 $81 961 $aRimoldi mons. Antonio - Omaggio 996 $6245$aLettere di dom Jean Leclercq (1911-1993)$9(OLS)http://semarc/title/121685 996 $6264$aBadia di Santa Maria del Monte (Cesena) :$bCentro Storico Benedettino Italiano$9(OLS)http://semarc/publisher/29653